aespa by Teaser Images - Statistics

General Stats
  • This quiz has been taken 35 times
  • The average score is 10 of 24
Answer Stats
Picture Answer % Correct
Spicy
94%
Next Level
76%
Whiplash
73%
Forever
67%
Rich Man
67%
Better Things
61%
Dirty Work
61%
Girls
61%
Hot Mess
61%
Life's Too Short (English Ver.)
52%
Salty & Sweet
52%
Savage
52%
Dreams Come True
42%
Drama
39%
2022 Winter SMTOWN:SMCU PALACE
33%
Black Mamba
33%
SYNK: Parallel Line
33%
Dark Arts
30%
SYNK: aeXIS LINE
27%
Armaggedon
9%
LYNK-POP
6%
MY WORLD
6%
SMTOWN 2022 SMCU EXPRESS
3%
My First Page
0%
No matching quizzes found
Score Distribution
Percent of People with Each Score
Percentile by Number Answered
Your Score History
You have not taken this quiz